| 000 | 01768cam a2200265 4500 | ||
|---|---|---|---|
| 001 | L152655 | ||
| 008 | 110408n2010 000 0 eng u | ||
| 020 | _a9780080966939 | ||
| 035 | _a(Sirsi) u152655 | ||
| 041 | _aeng | ||
| 100 | _aStockdale, Michael | ||
| 245 |
_aGalbraith's building and land management law for students _h[electronic resource] |
||
| 250 | _a6th ed. | ||
| 260 |
_aOxford _bElsevier Butterworth-Heinemann _c2010 |
||
| 300 | _aeBook | ||
| 350 | _a31.10 | ||
| 505 | _a1 The nature of law -- 2 The United Kingdom and the European Union -- 3 Settlement of disputes Self-help -- 4 Central and local government - 5 Business organizations -- 6 The law of contract -- 7 Special contracts -- 8 Special contracts ? building contracts -- 9 Employment law -- 10 The law of tort -- 11 Health and safety -- 12 Land law -- 13 Landlord and tenant -- 14 Planning law Central and local planning responsibilities -- 15 Highways -- 16 Building Regulations | ||
| 520 | _aThis eBook is an excellent overview of the key legal issues in the construction industry, it highlights the need for students on construction related courses to access information on how the law relates to them, without getting into the dry, heavy detail of the full scale legal texts. This sixth edition has been fully updated and covers the latest JCT Standard Form Building Contract requirements and key EU directives, including Corporate Manslaughter, Employment Law, Tenant Planning Law regulations and Health and Safety acts. | ||
| 590 | _aKA | ||
| 650 | 2 | 4 | _aEBOOK |
| 651 | 4 | _aENGLAND AND WALES | |
| 690 | _aBUILT ENVIRONMENT-CONSTRUCTION MANAGEMENT | ||
| 856 |
_uhttps://www.vlebooks.com/ _zView on VLEbooks. Logins for members only from [email protected] |
||
| 942 | _n0 | ||
| 999 |
_c112148 _d112148 |
||